[Event "ENG-ch U14"]
[Site "Milton Keynes"]
[Date "2021.10.03"]
[Round "5"]
[White "Cox, Lucian"]
[Black "Thangella, Ishanth Reddy"]
[Result "1-0"]
[WhiteElo "1051"]
[BlackElo "955"]
[PlyCount "103"]
[EventDate "2021.10.02"]
[EventType "swiss"]
[EventRounds "5"]
[EventCountry "ENG"]
[SourceTitle "EXT 2023"]
[Source "ChessBase"]
[SourceDate "2022.10.05"]
[SourceVersion "1"]
[SourceVersionDate "2022.10.05"]
[SourceQuality "1"]

1. e4 e5 2. f4 exf4 3. Nf3 Nc6 4. Bc4 Bc5 5. d4 Bb6 6. Bxf4 d6 7. h3 Na5 8. Qe2 Qf6 9. Bg5 Qg6 10. Nc3 Bxd4 11. Nxd4 Qxg5 12. 0-0 Nf6 13. Ndb5 Qc5+ 14. Kh1 Nxc4 15. b4 Qc6 16. Nd4 Qb6 17. Qxc4 0-0 18. a4 c6 19. a5 Qc7 20. Nd5 Nxd5 21. exd5 Bd7 22. dxc6 bxc6 23. Rfd1 c5 24. bxc5 Qxc5 25. Qxc5 dxc5 26. Nb3 c4 27. Rxd7 cxb3 28. cxb3 Rfd8 29. Rad1 Rxd7 30. Rxd7 Kf8 31. Rb7 g6 32. b4 Kg7 33. g4 Kf6 34. Kg2 Kg5 35. Rxf7 h5 36. gxh5 gxh5 37. Rb7 Kh4 38. b5 Rg8+ 39. Kh2 Rg3 40. Rxa7 Rxh3+ 41. Kg2 Rg3+ 42. Kf2 Kh3 43. Rh7 h4 44. b6 Rg4 45. b7 Rb4 46. a6 Kh2 47. a7 Rb2+ 48. Ke1 Rxb7 49. Rxb7 h3 50. Rb2+ Kg1 51. a8Q h2 52. Qg2# 1-0